Statistics for Do It Like A Dude - Jessie J - All Lyrics

Click here to take the quiz!

General Stats

  • This quiz has been taken 15 times
    (10 since last reset)
  • The average score is 414 of 468

Answer Stats

Answer% Correct
a
100%
ah)
100%
at
100%
brother
100%
brother,
100%
(Brother)
100%
can
100%
can't
100%
do
100%
Do
100%
dude
100%
(Du-dude)
100%
I
100%
it
100%
it,
100%
it)
100%
(Lick
100%
lick
100%
like
100%
My
100%
my
100%
the
100%
We
100%
you
100%
you,
100%
you)
100%
You
100%
an
86%
B-I-T-C-H
86%
crotch,
86%
Dirty,
86%
dirty,
86%
dirty
86%
I'm
86%
I've
86%
looking
86%
low
86%
(Low
86%
(Ma-ma,
86%
ma-ma,
86%
ma-ma)
86%
mandem,
86%
mandem
86%
me
86%
me?
86%
motherfucker?
86%
(Ooh
86%
sucker
86%
to
86%
wear
86%
whoa)
86%
whoa
86%
why
86%
(Yeah)
86%
arrived
71%
beat,
71%
beer
71%
come
71%
(Come
71%
come,
71%
dick,
71%
Drop
71%
face,
71%
Flyin',
71%
flyin',
71%
flyin'
71%
get
71%
Grab
71%
hat
71%
In
71%
nasty
71%
Rollin',
71%
rollin',
71%
rollin'
71%
say
71%
sky
71%
Stomp
71%
stomp,
71%
sugar,
71%
sugar
71%
think
71%
this
71%
tonight
71%
wanna
71%
alien
57%
bang,
57%
Bang
57%
Boys,
57%
guy
57%
here
57%
is
57%
money
57%
need
57%
on
57%
out
57%
pimp
57%
pour
57%
spaceship,
57%
through
57%
under
57%
what
57%
collar
43%
dollar)
43%
dollar
43%
dollar,
43%
drinks,
43%
g-getting
43%
holla,
43%
Holla,
43%
hot
43%
No
43%
pretty
43%
hood
29%

Score Distribution

Percentile by Number Answered

Percent of People with Each Score

Your Score History

You have not taken this quiz since the last reset